000 01645nam a2200433 i 4500
003 CO-BoRNBP
005 20230323164017.0
007 ta
008 210827s2019 ck a jr 000 0 spa d
020 _a97895856009 (colección)
020 _a9789585600959
040 _aCO-BoRNBP
_bspa
_erda
_cCO-BoRNBP
041 0 _aspa
082 0 4 _a631.21
_bF35
_222
082 0 4 _a640
_bF35f
245 1 0 _aLa finca viva
_baguas, suelos, plantas y animales
_ctextos Wade Davis E. ...[y otros cuatro] ; ilustraciones Gloria María Morsa G. ...[y otros cinco]
250 _aPrimera edición, Segunda edición
264 _aMedellín
_bFundación Secretos para Contar
_c2019
300 _a199 páginas
_bilustraciones
_c28 cm
336 _atexto
_btxt
_2rdacontent
337 _asin mediación
_bn
_2rdamedia
338 _avolumen
_bnc
_2rdacarrier
490 _aSecretos para contar
521 _aRecomendado para un público mayor de 15 años
650 1 7 _aVida en el campo
_2ARMARC
_9510
650 1 7 _aRecursos naturales
_xEnseñanza
_2ARMARC
_9511
650 1 7 _aSalud ambiental
_2ARMARC
_9512
650 1 7 _aHorticultura
_2ARMARC
_9513
700 _aVega G, Juan Luis
_eautor
_9514
700 _aLopera T., Sergio Andrés
_eautor
_9515
700 _aHernández M., Sebastián
_eautor
_9516
700 _aRestrepo A.., Juan Guillermo
_eautor
_9517
700 _aBojanini Y., Johana
_eilustradora
_9518
700 _aVélez G., Alejandra
_eilustradora
_9519
700 _aRomero Ardila, Paula Andrea
_eilustradora
_9520
700 _aBernal, Carolina
_eilustradora
_9521
700 _aTorres H., Erika
_eilustradora
_9522
942 _2ddc
_cBK
999 _c9267
_d9267